| 000 | 00671nam a22002177a 4500 | ||
|---|---|---|---|
| 005 | 20250827151615.0 | ||
| 008 | 250827b |||||||| |||| 00| 0 eng d | ||
| 037 | _cTB | ||
| 040 |
_aAL _cAL |
||
| 041 |
_2Eng _aEnglish |
||
| 084 |
_aO111944,3N47:g N8 _qAL |
||
| 100 |
_aGoonetilleke , D.C.R.A. _9819064 |
||
| 245 | _aSalman Rushdie | ||
| 260 |
_aUK, London _bMacmillan press ltd. _c1998 |
||
| 300 | _ax, 168 p- | ||
| 365 |
_b14.50 _cUSP |
||
| 650 | _2ENGLISH LITERATURE | ||
| 700 |
_aGoonetilleke , D.C.R.A. _eAuthor. _9819064 |
||
| 942 |
_2CC _cTB _hO111944,3N47:g N8 _n0 |
||
| 999 |
_c1434916 _d1434916 |
||